[Event "OP-2019-0-04726"]
[Site "LSS email"]
[Date "2019.02.05"]
[Round "?"]
[White "Guaimare Rodriguez, Carlos Luis"]
[Black "Correa de Almeida, Claudio"]
[Result "0-1"]
[WhiteElo "895"]
[BlackElo "1551"]
[PlyCount "68"]
[EventDate "2019.01.28"]
[EventType "tourn (corr)"]
[EventRounds "4"]
[EventCountry "GER"]
[SourceTitle "Corr 2022"]
[Source "ChessBase"]
[SourceDate "2021.10.24"]
[SourceVersion "1"]
[SourceVersionDate "2021.10.24"]
[SourceQuality "1"]

1. e4 c5 2. Nf3 Nc6 3. d4 cxd4 4. Nxd4 Nf6 5. Nc3 e5 6. Ndb5 d6 7. Bg5 a6 8. Na3 b5 9. Nd5 Be7 10. Bxf6 Bxf6 11. c3 Bb7 12. Nc2 Nb8 13. g3 Bg5 14. Bg2 Nd7 15. 0-0 0-0 16. a4 bxa4 17. f4 Bxd5 18. Qxd5 Qb6+ 19. Kh1 Bf6 20. Rfb1 exf4 21. gxf4 Qf2 22. Nd4 Nb6 23. Qf5 Bxd4 24. cxd4 Rac8 25. Qa5 Rc2 26. Rg1 Nc4 27. Qe1 Qxf4 28. Qf1 Qxf1 29. Rgxf1 Rb8 30. Rfc1 Rbxb2 31. Rxc2 Rxc2 32. h3 a3 33. Bf1 Nd2 34. Bxa6 Nf3 0-1

[Event "LSS No Engine Cup 182 Preliminary 0"]
[Site "LSS email"]
[Date "2018.09.13"]
[Round "?"]
[White "Guaimare Rodriguez, Carlos Luis"]
[Black "Mueller, Bernd"]
[Result "0-1"]
[WhiteElo "1246"]
[BlackElo "1987"]
[PlyCount "46"]
[EventDate "2018.09.14"]
[EventType "tourn (corr)"]
[EventRounds "6"]
[EventCountry "GER"]
[SourceTitle "Corr 2022"]
[Source "ChessBase"]
[SourceDate "2021.10.24"]
[SourceVersion "1"]
[SourceVersionDate "2021.10.24"]
[SourceQuality "1"]

1. e4 d5 2. exd5 Qxd5 3. Nc3 Qd8 4. d4 e6 5. Nf3 Nf6 6. Bc4 a6 7. 0-0 b5 8. Bd3 Bb7 9. Bg5 Nbd7 10. Be4 c6 11. Ne5 Bd6 12. Bxc6 Bxc6 13. Nxc6 Qc7 14. d5 b4 15. dxe6 fxe6 16. Nd4 bxc3 17. Nxe6 Bxh2+ 18. Kh1 Qd6 19. Qxd6 Bxd6 20. Nxg7+ Kf8 21. Nf5 cxb2 22. Rab1 Be5 23. Ne3 Rb8 0-1

[Event "LSS No Engine Cup 182 Preliminary 0"]
[Site "LSS email"]
[Date "2018.09.13"]
[Round "?"]
[White "Guaimare Rodriguez, Carlos Luis"]
[Black "Shim Ng Min, Francis"]
[Result "1-0"]
[WhiteElo "1246"]
[BlackElo "1464"]
[PlyCount "53"]
[EventDate "2018.09.14"]
[EventType "tourn (corr)"]
[EventRounds "6"]
[EventCountry "GER"]
[SourceTitle "Corr 2022"]
[Source "ChessBase"]
[SourceDate "2021.10.24"]
[SourceVersion "1"]
[SourceVersionDate "2021.10.24"]
[SourceQuality "1"]

1. e4 c5 2. Nf3 d6 3. d4 cxd4 4. Nxd4 Nf6 5. Nc3 a6 6. f3 h5 7. Be3 e5 8. Nb3 Be6 9. Be2 Be7 10. a4 Nbd7 11. 0-0 h4 12. h3 Nh5 13. Nd5 Ng3 14. Re1 Bg5 15. Bf2 Bf4 16. Nxf4 exf4 17. Qxd6 Qg5 18. Bxg3 Qxg3 19. Rad1 Bxh3 20. Bf1 Rd8 21. Nc5 Bxg2 22. Bxg2 h3 23. Re2 Rh6 24. Qd4 Rg6 25. Nxd7 Qh4 26. e5 hxg2 27. Nf6+ 1-0

[Event "LSS No Engine Cup 178 Preliminary 0"]
[Site "LSS email"]
[Date "2018.04.16"]
[Round "?"]
[White "Guaimare Rodriguez, Carlos Luis"]
[Black "Boni, Roberto"]
[Result "0-1"]
[WhiteElo "1264"]
[BlackElo "1847"]
[PlyCount "42"]
[EventDate "2018.04.17"]
[EventType "tourn (corr)"]
[EventRounds "6"]
[EventCountry "GER"]
[SourceTitle "Corr 2022"]
[Source "ChessBase"]
[SourceDate "2021.10.24"]
[SourceVersion "1"]
[SourceVersionDate "2021.10.24"]
[SourceQuality "1"]

1. e4 e5 2. Nf3 Nc6 3. Bb5 f5 4. d3 fxe4 5. dxe4 Nf6 6. Nc3 Bb4 7. Qd3 d6 8. Bg5 h6 9. Bd2 Bd7 10. 0-0 a6 11. Bc4 Na5 12. Bd5 c6 13. Bb3 Nxb3 14. axb3 Be6 15. Rad1 0-0 16. Be3 Ng4 17. h3 Nxe3 18. Qxe3 Bc5 19. Qe2 Qc8 20. Na4 Bxh3 21. Nxc5 Qg4 0-1

[Event "LSS No Engine Cup 178 Preliminary 0"]
[Site "LSS email"]
[Date "2018.04.16"]
[Round "?"]
[White "Guaimare Rodriguez, Carlos Luis"]
[Black "Czaban, Tomasz"]
[Result "1-0"]
[WhiteElo "1264"]
[BlackElo "1059"]
[PlyCount "89"]
[EventDate "2018.04.17"]
[EventType "tourn (corr)"]
[EventRounds "6"]
[EventCountry "GER"]
[SourceTitle "Corr 2022"]
[Source "ChessBase"]
[SourceDate "2021.10.24"]
[SourceVersion "1"]
[SourceVersionDate "2021.10.24"]
[SourceQuality "1"]

1. e4 e5 2. Nf3 Nc6 3. Bb5 d6 4. d4 exd4 5. Nxd4 Bd7 6. Bxc6 Bxc6 7. Nc3 Qd7 8. 0-0 h6 9. Nxc6 Qxc6 10. Re1 Nf6 11. e5 dxe5 12. Rxe5+ Be7 13. Qe2 Qd6 14. Bf4 Qb4 15. Bg3 c6 16. Re1 0-0 17. Rxe7 Qxb2 18. Ne4 Nxe4 19. Qxe4 Qxa2 20. Rxb7 Qd5 21. Qxd5 cxd5 22. h3 a5 23. Ree7 a4 24. Red7 a3 25. Ra7 Rxa7 26. Rxa7 Rc8 27. Rxa3 Rxc2 28. Ra8+ Kh7 29. Rd8 Rd2 30. Rd7 d4 31. Rxf7 d3 32. Rd7 Rd1+ 33. Kh2 d2 34. Bf4 Kg6 35. Rxd2 Rxd2 36. Bxd2 Kf5 37. g4+ Ke4 38. Kg3 Kd3 39. Bb4 Ke4 40. Bf8 Ke5 41. Bxg7+ Ke6 42. Bxh6 Kf6 43. f4 Kg6 44. Bf8 Kf7 45. Bb4 1-0

[Event "SN-2018-0-00917"]
[Site "LSS email"]
[Date "2018.04.06"]
[Round "?"]
[White "Guaimare Rodriguez, Carlos Luis"]
[Black "Neuhausen, Rainer"]
[Result "0-1"]
[WhiteElo "890"]
[BlackElo "873"]
[PlyCount "84"]
[EventDate "2018.03.20"]
[EventType "tourn (corr)"]
[EventRounds "6"]
[EventCountry "GER"]
[SourceTitle "Corr 2022"]
[Source "ChessBase"]
[SourceDate "2021.10.24"]
[SourceVersion "1"]
[SourceVersionDate "2021.10.24"]
[SourceQuality "1"]

1. e4 e5 2. Nf3 Nf6 3. Nxe5 d6 4. Nf3 Nxe4 5. d4 Qe7 6. Be2 d5 7. 0-0 Be6 8. c3 Qd8 9. Bf4 Bd6 10. Bxd6 Nxd6 11. Na3 0-0 12. Nc2 Nd7 13. Ne3 c6 14. Qc2 Qf6 15. Bd3 h6 16. Rfe1 Rfe8 17. Nf1 Bg4 18. N1d2 Rxe1+ 19. Rxe1 Re8 20. Rxe8+ Nxe8 21. h3 Bxf3 22. Nxf3 Nd6 23. Qe2 Kf8 24. Ne5 Qe7 25. f4 Nf6 26. Kf1 Nfe4 27. Kg1 Qh4 28. Qe3 Nf5 29. Qf3 Qe1+ 30. Qf1 Qe3+ 31. Kh2 Qg3+ 32. Kg1 Ne3 33. Qe2 Qxf4 34. Bxe4 Qxe4 35. Qf2 Nf5 36. g4 Nd6 37. a4 f5 38. gxf5 Qxf5 39. Qg3 Qb1+ 40. Kh2 Qxb2+ 41. Qg2 Qxg2+ 42. Kxg2 Ne4 0-1

[Event "SN-2018-0-00917"]
[Site "LSS email"]
[Date "2018.04.06"]
[Round "?"]
[White "Ortiz, Juan Guillermo"]
[Black "Guaimare Rodriguez, Carlos Luis"]
[Result "0-1"]
[WhiteElo "440"]
[BlackElo "890"]
[PlyCount "88"]
[EventDate "2018.03.20"]
[EventType "tourn (corr)"]
[EventRounds "6"]
[EventCountry "GER"]
[SourceTitle "Corr 2022"]
[Source "ChessBase"]
[SourceDate "2021.10.24"]
[SourceVersion "1"]
[SourceVersionDate "2021.10.24"]
[SourceQuality "1"]

1. e4 c6 2. Nf3 d5 3. d3 dxe4 4. Ng5 exd3 5. Qxd3 Qxd3 6. Bxd3 Nf6 7. 0-0 Bg4 8. Nc3 e6 9. g3 Be7 10. Nge4 0-0 11. a3 Nbd7 12. Be3 Ne5 13. b4 Bh3 14. Rfd1 Rfd8 15. f4 Nf3+ 16. Kh1 Nd4 17. Ng5 Bf5 18. Bxd4 Bg4 19. Be2 h6 20. Bxg4 hxg5 21. Bxf6 Bxf6 22. Rd3 Rxd3 23. cxd3 Bxc3 24. Rc1 Bb2 25. Rc4 gxf4 26. Rxf4 Bxa3 27. Bf3 a5 28. bxa5 Rxa5 29. Kg2 c5 30. Bxb7 Rb5 31. Bc6 Rb2+ 32. Kh3 Rd2 33. Ra4 Bb4 34. Be4 f5 35. Bc6 Rxd3 36. Ra8+ Kf7 37. Be8+ Kf6 38. Ra7 g5 39. Rf7+ Ke5 40. Rg7 g4+ 41. Kh4 Rd2 42. Kg5 Rxh2 43. Bd7 c4 44. Rg6 Bd2# 0-1

[Event "OP-2018-0-04563"]
[Site "LSS email"]
[Date "2018.04.05"]
[Round "?"]
[White "Ederer, Karel"]
[Black "Guaimare Rodriguez, Carlos Luis"]
[Result "1-0"]
[WhiteElo "1918"]
[BlackElo "890"]
[PlyCount "55"]
[EventDate "2018.03.27"]
[EventType "tourn (corr)"]
[EventRounds "4"]
[EventCountry "GER"]
[SourceTitle "Corr 2022"]
[Source "ChessBase"]
[SourceDate "2021.10.24"]
[SourceVersion "1"]
[SourceVersionDate "2021.10.24"]
[SourceQuality "1"]

1. e4 e5 2. Nf3 Nc6 3. Bb5 a6 4. Ba4 Nf6 5. 0-0 Be7 6. Re1 b5 7. Bb3 d6 8. c3 0-0 9. h3 Nb8 10. d4 Nbd7 11. Nbd2 Bb7 12. Bc2 Re8 13. Nf1 Bf8 14. Ng3 g6 15. a4 Bg7 16. Bd3 c5 17. dxe5 dxe5 18. axb5 axb5 19. Rxa8 Qxa8 20. Bxb5 Rd8 21. Bc4 Nxe4 22. Nxe4 Nb6 23. Bxf7+ Kxf7 24. Qb3+ Nd5 25. Nxc5 Bc6 26. Qc4 Kg8 27. Ne6 Re8 28. Nc7 1-0